|
|
|
|
| LEADER |
00000naa2a2200000 4500 |
| 001 |
632127 |
| 005 |
20231101133709.0 |
| 035 |
|
|
|a (RuTPU)RU\TPU\conf\33828
|
| 035 |
|
|
|a RU\TPU\conf\33822
|
| 090 |
|
|
|a 632127
|
| 100 |
|
|
|a 20201014d2020 k y0rusy50 ca
|
| 101 |
0 |
|
|a rus
|
| 102 |
|
|
|a RU
|
| 105 |
|
|
|a y z 101zy
|
| 135 |
|
|
|a drcn ---uucaa
|
| 181 |
|
0 |
|a i
|
| 182 |
|
0 |
|a b
|
| 200 |
1 |
|
|a Синтез и исследование наночастиц Al[2]O[3]
|f Ван Синьсинь, У Шаша
|g науч. рук. Г. В. Лямина
|
| 203 |
|
|
|a Текст
|c электронный
|
| 225 |
1 |
|
|a Актуальные проблемы естественных наук
|
| 230 |
|
|
|a 1 компьютерный файл (pdf; 560 Kb)
|
| 300 |
|
|
|a Заглавие с экрана
|
| 320 |
|
|
|a [Библиогр.: с. 74 (3 назв.)]
|
| 463 |
|
0 |
|0 (RuTPU)RU\TPU\conf\33820
|t Научная инициатива иностранных студентов и аспирантов российских вузов
|o сборник докладов X Всероссийской научно-практической конференции, Томск, 22-24 апреля 2020 г.
|f Национальный исследовательский Томский политехнический университет (ТПУ)
|v [С. 72-74]
|d 2020
|
| 610 |
1 |
|
|a электронный ресурс
|
| 610 |
1 |
|
|a труды учёных ТПУ
|
| 610 |
1 |
|
|a синтез
|
| 610 |
1 |
|
|a наночастицы
|
| 610 |
1 |
|
|a оксид алюминия
|
| 610 |
1 |
|
|a керамические материалы
|
| 610 |
1 |
|
|a инертные материалы
|
| 610 |
1 |
|
|a препараты
|
| 610 |
1 |
|
|a распылительная сушка
|
| 700 |
|
0 |
|a Ван Синьсинь
|
| 701 |
|
0 |
|a У Шаша
|
| 702 |
|
1 |
|a Лямина
|b Г. В.
|c химик
|c доцент Томского политехнического университета, кандидат химических наук
|f 1974-
|g Галина Владимировна
|2 stltpush
|4 727
|
| 712 |
0 |
2 |
|a Национальный исследовательский Томский политехнический университет
|b Инженерная школа новых производственных технологий
|b Отделение материаловедения
|h 7871
|2 stltpush
|3 (RuTPU)RU\TPU\col\23508
|
| 801 |
|
2 |
|a RU
|b 63413507
|c 20201125
|g RCR
|
| 856 |
4 |
|
|u http://earchive.tpu.ru/handle/11683/63734
|
| 942 |
|
|
|c BK
|